V Davose o lavínach (medzinárodný lavínový kurz)
| Format: | Article |
|---|---|
| Language: | Slovak |
| Subjects: |
MARC
| LEADER | 00000nab a2200000 ar4500 | ||
|---|---|---|---|
| 001 | vtls009284932 | ||
| 003 | SK-MaSNL | ||
| 005 | 20260305020316.0 | ||
| 008 | 080414c1976 xo wr|||||||||000 b|slo | ||
| 015 | |a SNBRB1976 |2 snkbucl | ||
| 038 | |a SNKBUCL | ||
| 040 | |a SNKBUCL |b slo |c SNKBUCL |e AACR2 | ||
| 041 | 0 | |a slo | |
| 044 | |a xo |c SK | ||
| 080 | |a 796.524 |2 2001 | ||
| 080 | |a 614.88 |2 2001 | ||
| 245 | 0 | 0 | |a V Davose o lavínach |b (medzinárodný lavínový kurz) |c [autor] (B.J.) |
| 650 | 0 | 7 | |a horská záchranná služba |2 snkbucl |9 84848 |
| 773 | 0 | |t Vysoké Tatry |g Roč. 15, č. 4 (1976), s. 25 | |
| 852 | |a SNK |b KIS3GCP | ||
| 999 | |c 3280052 |d 3281982 | ||


